000 00925nmm a2200277 a 4500
001 ocm000582312
003 TR-IsHL
005 20201028120407.0
008 130625s2012 tu tur
007 cr cn
020 _a9786056251764
035 _a582312
_b(N$T)
050 0 4 _aPL248.Z47
_bA75 2012
090 0 4 _aPL248.Z47
_bA75 2012
100 1 _aZeren, İsmet
245 1 0 _aAşk oyunu: sevgililere gönderilmemiş mektuplar, okunmamış metinler, yazılmamış şiirler
_h[electronic resource] /
_cİsmet Zeren
250 _a1.bs.
260 _aİstanbul :
_bGünyüzü Yayıncılık,
_c2012
300 _a240 p.
650 4 _aDil ve Edebiyat
650 4 _aLanguage and Literature
650 0 _aTürk denemeleri
650 0 _aTurkish essays
650 7 _aLITERARY COLLECTIONS / Middle Eastern
_2bisacsh
856 4 0 _uhttp://search.ebscohost.com/login.aspx?direct=true&scope=site&db=e011xww&AN=582312
999 _c764
_d764